000 00879nam a2200253 i 4500
001 bg
245 0 0 _aWprowadzenie do filozoficznych problemów ekologii :
_bstudia /
_cpod red. Andrzeja Papuzińskiego ; Wyższa Szkoła Pedagogiczna w Bydgoszczy.
260 _aBydgoszcz :
_bWydaw. Uczelniane WSP,
_c1999.
300 _a235, [1] s. ;
_c24 cm.
500 _aStreszcz. ang., niem., ros.
504 _aIndeks.
650 9 _aEkologia
_xfilozofia
655 _aPodręczniki akademickie
700 1 _aPAPUZIŃSKI, Andrzej.
_eRed.
710 0 _aWyższa Szkoła Pedagogiczna (Bydgoszcz)
020 _a8370963048
040 _cBPK
041 0 _apol
_benggerrus
080 _a113/119:179:574:504](075.8)
920 _a83-7096-304-8
942 _cKS
008 s pl f |000 0 pol
999 _c44798
_d44798
856 _uhttp://koha.tu.koszalin.pl/cgi-bin/koha/opac-detail.pl?biblionumber=44798
_yKatalog online BPK